000 01515nmm a2200409 a 4500
001 ocm0002147187
003 TR-IsHL
005 20201028183633.0
008 190409s2019 tu tur
007 cr cn
020 _a9786057557599
035 _a2147187
_b(N$T)
050 0 4 _aLB2938
_b.A73 2019
090 0 4 _aLB2938
_b.A73 2019
245 1 0 _aAraştıran okul
_h[electronic resource] /
_ceditör Prof. Dr. Mustafa Yavuz ; Yazarlar Dr. Öğr. Üyesi Devrim Akgündüz, Dr. Özgür Bolat, Doç. Dr. Muhittin Çalışkan, Prof. Dr. Erhan Ertekin, Dr. Öğr. Üyesi Ayşe Tuğba Öner, Dr. Öğr. Üyesi Hamit Özen, Doç. Dr. Ali Ünal, Prof. Dr. Mustafa Yavuz,
250 _aYenilenmiş 2. Baskı
260 _aKonya :
_bEğitim Yayınevi,
_c2019
300 _a314 p.
500 _aKaynakça: sayfa 310-312.
650 4 _aEğitim
650 4 _aEducation
650 0 _aOkul yönetimi ve örgütü
650 0 _aSchool management and organization
650 0 _aOkullar
_x Liderlik
650 0 _aSchools
_x Leaderships
650 7 _aEDUCATION / Administration / General
_2bisacsh
700 1 _aYavuz, Mustafa
700 1 _aAkgündüz, Devrim
700 1 _aBolat, Özgür
700 1 _aÇalışkan, Muhittin
700 1 _aErtekin, Erhan
700 1 _aÖner, Ayşe Tuğba
700 1 _aÖzen, Hamit
700 1 _aÜnal, Ali
700 1 _aYavuz, Mustafa
856 4 0 _uhttp://search.ebscohost.com/login.aspx?direct=true&scope=site&db=e011xww&AN=2147187
999 _c20628
_d20628